|
|
|
|
| LEADER |
00000cam a2200000 7i4500 |
| 001 |
0000009681 |
| 005 |
20241004.0 |
| 008 |
011019 enka eng |
| 020 |
|
|
|a 056608094X
|
| 040 |
|
|
|a INS
|b eng
|e rda
|
| 090 |
0 |
0 |
|a HD38.15
|b .P39 1999
|
| 100 |
1 |
|
|a Payne, John ,
|e author
|
| 245 |
1 |
0 |
|a Management :
|b how to do it
|c by John and Shirley Payne
|
| 264 |
|
1 |
|a Hampshire, England :
|b Gower
|c 1999
|
| 264 |
|
4 |
|c ©1999
|
| 300 |
|
|
|a xv, 231 pages :
|b illustrations ;
|c 24 cm.
|
| 336 |
|
|
|a text
|2 rdacontent
|
| 337 |
|
|
|a unmediated
|2 rdamedia
|
| 338 |
|
|
|a volume
|2 rdacarrier
|
| 650 |
|
0 |
|a Management
|
| 700 |
1 |
|
|a Payne, Shirley ,
|e author
|
| 999 |
|
|
|a 0000008224
|b BOOK
|c Open Shelf
|e Default branch
|
| 999 |
|
|
|a 0000015230
|b BOOK
|c Open Shelf
|e Default branch
|